[Event "Nationale I"]
[Site "Migné Auxances"]
[Date "2012.01.14"]
[Round "6.4"]
[White "Guidez, Yann Michael"]
[Black "Amoyal, Pierre"]
[Result "1/2-1/2"]
[WhiteElo "2258"]
[BlackElo "2178"]
[PlyCount "108"]
[EventDate "2012.01.15"]
[EventType "match"]
[EventCountry "FRA"]
[SourceDate "2011.11.20"]
[WhiteTeam "Echiquier Bordelais"]
[BlackTeam "Agneaux St Lô"]

1. e4 e5 2. Nf3 Nc6 3. Bb5 a6 4. Ba4 Nf6 5. d3 b5 6. Bb3 Be7 7. a4 Bb7 8. c3
O-O 9. O-O d6 10. Re1 Na5 11. Bc2 c5 12. Nbd2 Nc6 13. Nf1 Re8 14. Ng3 Bf8 15.
Nf5 h6 16. h3 d5 17. Qe2 dxe4 18. dxe4 c4 19. Nh2 Ne7 20. Rd1 Qc7 21. Ng4 Nxg4
22. Qxg4 Nxf5 23. exf5 Qc6 24. Be3 h5 $11 25. Qg3 h4 26. Qg4 Be7 27. Kf1 Rad8
28. axb5 axb5 29. f3 Rxd1+ 30. Rxd1 Rd8 31. Rxd8+ Bxd8 32. Ke2 Qf6 33. Kd2 Bc8
34. Qe4 Bd7 35. Qa8 Kh7 36. Be4 Qd6+ 37. Ke2 Bf6 38. Qb7 Kg8 39. Qa8+ Kh7 40.
Qa7 Be8 41. Qb7 Qd8 42. f4 exf4 43. Bxf4 Bd7 44. Qd5 Kg8 $11 45. Kf3 Qc8 46.
Bd6 Qe8 47. Kf4 Qd8 48. Be5 Bg5+ 49. Kf3 Bc1 50. f6 gxf6 51. Bd4 Bg5 52. Bf5
Qc7 53. Bxd7 Qf4+ 54. Ke2 Qd2+ 1/2-1/2

[Event "Nationale I"]
[Site "Migné Auxances"]
[Date "2012.01.14"]
[Round "6.5"]
[White "Navrotescu, Andreea Cristiana"]
[Black "Passager, Jean Pierre"]
[Result "1-0"]
[WhiteElo "2056"]
[BlackElo "2209"]
[PlyCount "53"]
[EventDate "2012.01.15"]
[EventType "match"]
[EventCountry "FRA"]
[SourceDate "2011.11.20"]
[WhiteTeam "Agneaux St Lô"]
[BlackTeam "Echiquier Bordelais"]

1. d4 d5 2. c4 e6 3. Nc3 Be7 4. Nf3 Nf6 5. Bf4 O-O 6. e3 Nbd7 7. c5 Ne4 8. Qc2
Ndf6 9. Bd3 Nxc3 10. Qxc3 c6 11. O-O b6 12. b4 a5 13. a3 Ba6 14. Rfb1 Bxd3 15.
Qxd3 axb4 16. axb4 b5 17. Ne5 Qc8 18. Ra3 Qb7 19. Rba1 Rfd8 20. Qb3 Ne4 21. Qa2
Nc3 22. Rxa8 Nxa2 23. R8xa2 Bf6 24. Ra7 Qc8 25. Nxf7 Rf8 26. Bd6 Re8 27. Ne5
1-0

[Event "Nationale I"]
[Site "Migné Auxances"]
[Date "2012.01.14"]
[Round "6.6"]
[White "Daumens, Michel"]
[Black "Restout, Bruce"]
[Result "1/2-1/2"]
[WhiteElo "2132"]
[BlackElo "2051"]
[PlyCount "39"]
[EventDate "2012.01.15"]
[EventType "match"]
[EventCountry "FRA"]
[SourceDate "2011.11.20"]
[WhiteTeam "Echiquier Bordelais"]
[BlackTeam "Agneaux St Lô"]

1. d4 Nf6 2. c4 e6 3. Nf3 Bb4+ 4. Nbd2 b6 5. e3 Bb7 6. Bd3 O-O 7. O-O Bxd2 8.
Nxd2 d6 9. b3 Nbd7 10. Bb2 Qe7 11. Qc2 c5 12. Rad1 Rac8 13. dxc5 bxc5 14. Ne4
Nxe4 15. Bxe4 Bxe4 16. Qxe4 Rb8 17. Rd2 Rb6 18. Rfd1 Nf6 19. Bxf6 Qxf6 20. h3
$11 1/2-1/2

[Event "Nationale I"]
[Site "Migné Auxances"]
[Date "2012.01.14"]
[Round "6.7"]
[White "Auvray, Simon"]
[Black "Ternault, Mathieu"]
[Result "1-0"]
[WhiteElo "2030"]
[BlackElo "2109"]
[PlyCount "57"]
[EventDate "2012.01.15"]
[EventType "match"]
[EventCountry "FRA"]
[SourceDate "2011.11.20"]
[WhiteTeam "Agneaux St Lô"]
[BlackTeam "Echiquier Bordelais"]

1. e4 e6 2. d4 d5 3. Nd2 Nf6 4. e5 Nfd7 5. Bd3 c5 6. c3 Nc6 7. Ne2 cxd4 8. cxd4
f6 9. exf6 Nxf6 10. Nf3 Qc7 11. O-O Bd6 12. Bg5 O-O 13. Bh4 Ng4 14. Bg3 e5 15.
dxe5 Ngxe5 16. Nxe5 Nxe5 17. Nc3 Qf7 18. Qc2 g6 19. Rae1 Re8 20. Nxd5 Bd7 21.
Bxe5 Rxe5 22. Rxe5 Bxe5 23. Bc4 Be6 24. Qe4 Bg7 25. Re1 Bf5 26. Ne7+ Kf8 27.
Qxb7 Qxc4 28. Qxa8+ Kf7 29. Qg8+ 1-0

[Event "Nationale I"]
[Site "Migné Auxances"]
[Date "2012.01.14"]
[Round "6.8"]
[White "Soissong, Elzbieta"]
[Black "Auvray, Honorine"]
[Result "0-1"]
[WhiteElo "1661"]
[BlackElo "1804"]
[PlyCount "90"]
[EventDate "2012.01.15"]
[EventType "match"]
[EventCountry "FRA"]
[SourceDate "2011.11.20"]
[WhiteTeam "Echiquier Bordelais"]
[BlackTeam "Agneaux St Lô"]

1. d4 Nf6 2. Nf3 g6 3. Bf4 Bg7 4. e3 d5 5. h3 c5 6. c3 O-O 7. Be2 Nc6 8. O-O
Bf5 9. Nbd2 Ne4 10. Nxe4 Bxe4 11. Nd2 Bf5 12. g4 Be6 13. dxc5 Qc8 14. Nb3 Ne5
15. Nd4 Qxc5 16. Nxe6 fxe6 17. Qb3 b6 18. Rfd1 Rfd8 19. Rac1 Nc6 20. Bf3 b5 21.
a4 a6 22. Qa2 Ne5 23. Be2 Nc4 24. b4 Qc6 25. a5 e5 26. Bg5 Bf6 27. Bh6 Kf7 28.
g5 Bg7 29. e4 Bxh6 30. exd5 Rxd5 31. Rxd5 Qxd5 32. Rd1 Qc6 33. gxh6 Rc8 34. Rd3
Kg8 35. Rg3 Qf6 36. Rg4 Qf7 37. h4 Nd6 38. Qd2 Nf5 39. Bd3 Rd8 40. c4 bxc4 41.
Rxc4 Qd5 42. Rc3 Kf8 43. Qg5 Qf3 44. Bxf5 Rd1+ 45. Kh2 Rh1# 0-1

[Event "Nationale I"]
[Site "Migné Auxances"]
[Date "2012.01.15"]
[Round "7.3"]
[White "Seret, Jean Luc"]
[Black "Stephan, Victor"]
[Result "1-0"]
[WhiteElo "2386"]
[BlackElo "2305"]
[PlyCount "69"]
[EventDate "2012.01.15"]
[EventType "match"]
[EventCountry "FRA"]
[SourceDate "2011.11.20"]
[WhiteTeam "Echiquier Bordelais"]
[BlackTeam "Sautron"]

1. e4 c5 2. Nf3 d6 3. c3 Nf6 4. h3 Nc6 5. Bd3 d5 6. e5 Nd7 7. Bb5 Qb6 8. Ba4 e6
9. O-O c4 10. b3 cxb3 11. axb3 Nc5 12. Ba3 Nxa4 13. bxa4 Bxa3 14. Nxa3 a6 15.
d4 Na5 16. c4 dxc4 17. Nd2 Qc6 18. Qc2 b5 19. Qc3 Bb7 20. f3 Qb6 21. Rfb1 O-O
22. axb5 Nb3 23. Nxb3 cxb3 24. Nc4 Qd8 25. bxa6 Bxa6 26. Nd6 b2 27. Rxb2 h6 28.
Ra3 Qd7 29. Qc1 f6 30. Rba2 Bb7 31. Ra7 Rab8 32. Rb2 fxe5 33. Rbxb7 Rxb7 34.
Rxb7 Qa4 35. dxe5 1-0

[Event "Nationale I"]
[Site "Migné Auxances"]
[Date "2012.01.15"]
[Round "7.4"]
[White "Delorme, Alban"]
[Black "Guidez, Yann Michael"]
[Result "0-1"]
[WhiteElo "2269"]
[BlackElo "2258"]
[PlyCount "82"]
[EventDate "2012.01.15"]
[EventType "match"]
[EventCountry "FRA"]
[SourceDate "2011.11.20"]
[WhiteTeam "Sautron"]
[BlackTeam "Echiquier Bordelais"]

1. e4 e5 2. d4 exd4 3. Qxd4 Nc6 4. Qe3 d6 5. Nc3 g6 6. Bc4 Bg7 7. Bd2 Nf6 8.
O-O-O O-O 9. Nge2 Re8 10. Nf4 Ne5 11. Bb3 Bd7 12. f3 b5 13. g4 b4 14. Nce2 a5
15. a4 bxa3 16. bxa3 a4 17. Ba2 Bb5 18. g5 Nfd7 19. Nd5 Bc4 20. Nec3 Bxa2 21.
Nxa2 Nc4 22. Qe2 Nxd2 23. Qxd2 Ne5 24. Qf4 Re6 25. Nab4 c6 26. Ne3 Qb6 27. Kd2
f6 28. Rhf1 Rf8 29. Ke2 Qb5+ 30. Nd3 fxg5 31. Qg3 Ref6 32. Ng4 Rxf3 33. Rxf3
Rxf3 34. Qg2 Rf4 35. Ngxe5 Bxe5 36. Qxg5 Rf2+ 37. Kxf2 Bd4+ 38. Qe3 Bxe3+ 39.
Kxe3 Qg5+ 40. Nf4 Qc5+ 41. Rd4 Qxa3+ 0-1

[Event "Nationale I"]
[Site "Migné Auxances"]
[Date "2012.01.15"]
[Round "7.5"]
[White "Ternault, Mathieu"]
[Black "Barbot, Pierre"]
[Result "1-0"]
[WhiteElo "2109"]
[BlackElo "2273"]
[PlyCount "89"]
[EventDate "2012.01.15"]
[EventType "match"]
[EventCountry "FRA"]
[SourceDate "2011.11.20"]
[WhiteTeam "Echiquier Bordelais"]
[BlackTeam "Sautron"]

1. d4 Nf6 2. c4 g6 3. Nc3 d5 4. cxd5 Nxd5 5. e4 Nxc3 6. bxc3 Bg7 7. Nf3 c5 8.
Be2 Bg4 9. Rb1 b6 10. Be3 O-O 11. h4 e6 12. h5 Bxh5 13. Ng5 Bxe2 14. Qxe2 h6
15. Nf3 g5 16. Ne5 f6 17. Ng4 Qe8 18. Nxh6+ Bxh6 19. Rxh6 Kg7 20. Rh3 cxd4 21.
cxd4 Nc6 22. e5 fxe5 23. Bxg5 Rf5 24. Bh6+ Kf6 25. dxe5+ Rxe5 26. Be3 $11 Qg6
27. Rc1 Rc8 28. Qf3+ Rf5 29. Qe4 Re5 30. Rf3+ Kg7 31. Qa4 Qe4 32. Qa6 Rc7 33.
Kf1 Rh5 34. Kg1 Qh7 35. Rh3 Rxh3 36. gxh3 Kf8 37. Kh2 $11 Qf5 38. Qa3+ Ne7 39.
Rxc7 Qe5+ 40. Bf4 Qxf4+ 41. Qg3 Qd4 42. Rxa7 Kf7 43. Qf3+ Ke8 44. Ra8+ Kd7 45.
Qb7+ 1-0

[Event "Nationale I"]
[Site "Migné Auxances"]
[Date "2012.01.15"]
[Round "7.6"]
[White "Sorin, Baptiste"]
[Black "Daumens, Michel"]
[Result "1-0"]
[WhiteElo "2194"]
[BlackElo "2132"]
[PlyCount "95"]
[EventDate "2012.01.15"]
[EventType "match"]
[EventCountry "FRA"]
[SourceDate "2011.11.20"]
[WhiteTeam "Sautron"]
[BlackTeam "Echiquier Bordelais"]

1. e4 c5 2. Nf3 Nc6 3. d4 cxd4 4. Nxd4 g6 5. c4 Bg7 6. Be3 Nf6 7. Nc3 Ng4 8.
Qxg4 Nxd4 9. Qd1 Ne6 10. Be2 Bxc3+ 11. bxc3 Qa5 12. Qd2 Qe5 13. f3 d6 14. Bd4
Nxd4 15. cxd4 Qf6 16. O-O O-O 17. f4 Bd7 18. Qe3 Qg7 19. e5 dxe5 20. fxe5 e6
21. Qe4 Rab8 22. Rab1 b6 23. Rf6 Rfd8 24. Rbf1 Rf8 25. d5 Rbc8 26. Bg4 exd5 27.
cxd5 Bxg4 28. Qxg4 Qh6 29. Qe4 Rc1 30. e6 Rxf1+ 31. Rxf1 fxe6 32. Qxe6+ Kh8 33.
Qe5+ Kg8 34. Rxf8+ Kxf8 35. h3 Qg7 36. Qb8+ Ke7 37. Qxa7+ Kf8 38. Qb8+ Kf7 39.
Qc7+ Kf8 40. Qd8+ Kf7 41. Qd7+ Kf8 42. Qd6+ Kf7 43. Qe6+ Kf8 44. Kh2 Qd4 45. d6
Qf4+ 46. Kg1 g5 47. d7 Qd4+ 48. Kh1 1-0

[Event "Nationale I"]
[Site "Migné Auxances"]
[Date "2012.01.15"]
[Round "7.7"]
[White "Passager, Jean Pierre"]
[Black "Gallant, Aurelien"]
[Result "1-0"]
[WhiteElo "2209"]
[BlackElo "2033"]
[PlyCount "83"]
[EventDate "2012.01.15"]
[EventType "match"]
[EventCountry "FRA"]
[SourceDate "2011.11.20"]
[WhiteTeam "Echiquier Bordelais"]
[BlackTeam "Sautron"]

1. d4 d5 2. c4 e6 3. cxd5 exd5 4. Nc3 Nf6 5. Bg5 Be7 6. Qc2 O-O 7. e3 c6 8. Bd3
Nbd7 9. Nf3 Re8 10. h3 Nf8 11. Bf4 Ne6 12. Bh2 c5 13. O-O cxd4 14. Nxd4 Nxd4
15. exd4 Be6 16. Qb3 Bd6 17. Bxd6 Qxd6 18. Nb5 Qf4 19. g3 Qb8 20. Rfc1 Rc8 21.
Rxc8+ Qxc8 22. Nd6 Qc7 23. Qxb7 Qxb7 24. Nxb7 Rb8 25. Ba6 Bxh3 26. Rc1 g6 27.
b3 Bf5 28. Rc6 Kg7 29. f3 h5 30. Kf2 g5 31. Nc5 Bb1 32. Rxf6 Bxa2 33. Rf5 Kg6
34. Rxd5 Bxb3 35. Rd6+ Kg7 36. Rd7 Bd1 37. Bc4 Rb2+ 38. Ke3 h4 39. gxh4 gxh4
40. Rxf7+ Kg6 41. Rxa7 h3 42. Ra1 1-0

[Event "Nationale I"]
[Site "Migné Auxances"]
[Date "2012.01.15"]
[Round "7.8"]
[White "Dubois, Marie"]
[Black "Soissong, Elzbieta"]
[Result "1-0"]
[WhiteElo "1787"]
[BlackElo "1661"]
[PlyCount "119"]
[EventDate "2012.01.15"]
[EventType "match"]
[EventCountry "FRA"]
[SourceDate "2011.11.20"]
[WhiteTeam "Sautron"]
[BlackTeam "Echiquier Bordelais"]

1. d4 Nf6 2. c4 c5 3. d5 b5 4. cxb5 a6 5. b6 Qxb6 6. Nc3 d6 7. e4 g6 8. Nf3 Bg7
9. Nd2 Nbd7 10. Be2 O-O 11. Nc4 Qc7 12. O-O Nb6 13. Ne3 Bd7 14. a4 a5 15. Nc2
Rfb8 16. f4 Nxe4 17. Nb5 Qb7 18. Nca3 Nxd5 19. Bf3 f5 20. Qd3 Ndf6 21. Re1 Bc6
22. Be3 Ng4 23. Bxg4 fxg4 24. Rad1 Bxb2 25. Qb3+ d5 26. Qxb2 d4 27. Bxd4 cxd4
28. Qxd4 Qb6 29. Qxb6 Rxb6 30. Nc4 Rb7 $11 31. Nd4 Bd5 32. Ne3 e6 33. Nxd5 exd5
34. Nb5 Rd7 35. Rxe4 dxe4 36. Rxd7 Re8 37. Kf2 e3+ 38. Ke2 Re4 39. Rd8+ Kg7 40.
Rd4 Re7 41. Rc4 Kf6 42. Nc3 Rd7 43. Kxe3 h5 44. Rc6+ Kg7 45. Ra6 Rc7 46. Kd4
Rf7 47. Nd5 Rb7 48. Rb6 Rf7 49. Rc6 g5 50. Ke5 gxf4 51. Nxf4 h4 52. Rg6+ Kh7
53. Rxg4 Rb7 54. Rxh4+ Kg7 55. Ne6+ Kg6 56. Rg4+ Kh5 57. Re4 Rb4 58. Rxb4 axb4
59. Nc5 Kg4 60. a5 1-0

[Event "Nationale I"]
[Site "Migné Auxances"]
[Date "2012.01.15"]
[Round "7.1"]
[White "Inkiov, Ventzislav"]
[Black "Jolly, Jean Francois"]
[Result "1/2-1/2"]
[WhiteElo "2462"]
[BlackElo "2412"]
[PlyCount "61"]
[EventDate "2012.01.15"]
[EventType "match"]
[EventCountry "FRA"]
[SourceDate "2011.11.20"]
[WhiteTeam "Migné Auxences"]
[BlackTeam "Agneaux St Lô"]

1. e4 e5 2. Bc4 Nf6 3. d3 c6 4. Nf3 d5 5. Bb3 Bd6 6. Nc3 dxe4 7. Ng5 O-O 8.
Ngxe4 Nxe4 9. Nxe4 Bf5 10. O-O Na6 11. Bg5 Be7 12. Bxe7 Qxe7 13. Ng3 Bg6 14.
Qe2 Nc5 15. Qe3 a5 16. f4 a4 17. Bc4 b5 18. Bxb5 cxb5 19. f5 Qd6 20. Rae1 f6
21. fxg6 hxg6 22. Ne4 Nxe4 23. Qxe4 Qd4+ 24. Qxd4 exd4 25. Rf4 Rfd8 26. Re7
Rac8 27. Rg4 Kh7 28. Rh4+ Kg8 29. Rg4 Kh7 30. Rh4+ Kg8 31. Rg4 1/2-1/2

[Event "Nationale I"]
[Site "Migné Auxances"]
[Date "2012.01.15"]
[Round "7.3"]
[White "Bedouin, Xavier"]
[Black "Ozenne, Corentin"]
[Result "1/2-1/2"]
[WhiteElo "2401"]
[BlackElo "2135"]
[Annotator "Amiard,Jean Claude"]
[PlyCount "73"]
[EventDate "2012.01.15"]
[EventType "match"]
[EventCountry "FRA"]
[SourceDate "2011.11.20"]
[WhiteTeam "Migné Auxences"]
[BlackTeam "Agneaux St Lô"]

1. e4 c5 2. c3 d5 3. exd5 Qxd5 4. d4 Nf6 5. Nf3 Bg4 6. Be2 e6 7. h3 Bh5 8. O-O
Be7 9. Be3 cxd4 10. c4 Qa5 11. Nxd4 Bxe2 12. Qxe2 O-O 13. Nc3 Nbd7 14. a3 a6
15. Rfc1 Qc7 16. c5 b6 17. cxb6 Qxb6 18. Nf5 Qd8 19. Nxe7+ Qxe7 20. b4 Rfc8 21.
Na4 Rxc1+ 22. Rxc1 Nd5 23. Bd2 Qd6 24. Qc4 N5b6 25. Nxb6 Nxb6 26. Qc6 Qxc6 27.
Rxc6 Nd5 28. Rc5 Rb8 29. Ra5 Rb6 30. b5 Rxb5 31. Rxa6 Rb1+ 32. Kh2 Kf8 33. Ra8+
Ke7 34. Ba5 Rb7 35. f3 f6 36. Be1 Kd6 37. Bf2 $11 1/2-1/2

[Event "Nationale I"]
[Site "Migné Auxances"]
[Date "2012.01.15"]
[Round "7.4"]
[White "Navrotescu, Andreea Cristiana"]
[Black "Picard, Romain"]
[Result "0-1"]
[WhiteElo "2056"]
[BlackElo "2354"]
[PlyCount "64"]
[EventDate "2012.01.15"]
[EventType "match"]
[EventCountry "FRA"]
[SourceDate "2011.11.20"]
[WhiteTeam "Agneaux St Lô"]
[BlackTeam "Sautron"]

1. d4 e6 2. c4 b6 3. a3 Ba6 4. b3 c5 5. d5 exd5 6. cxd5 Nf6 7. Bb2 g6 8. g3 Bg7
9. Bg2 O-O 10. Nc3 Re8 11. b4 d6 12. b5 Bb7 13. Nh3 Nbd7 14. O-O Ng4 15. Qb3
Nge5 16. Nf4 a5 17. Ne4 Qe7 18. Rad1 Nf6 19. Nd2 Qc7 20. Bxe5 Rxe5 21. Nc4 Re7
22. e3 Rae8 23. Rfe1 h5 24. Qc2 Bc8 25. e4 g5 26. Nd3 Nxe4 27. Bxe4 Rxe4 28.
Rxe4 Rxe4 29. Ndb2 Bf5 30. Qc1 Qe7 31. Na4 Bg4 32. Rf1 Be2 0-1

[Event "Nationale I"]
[Site "Migné Auxances"]
[Date "2012.01.15"]
[Round "7.5"]
[White "Tranchant, Sebastien"]
[Black "Beneteau, Hubert"]
[Result "1-0"]
[WhiteElo "2246"]
[BlackElo "2144"]
[PlyCount "53"]
[EventDate "2012.01.15"]
[EventType "match"]
[EventCountry "FRA"]
[SourceDate "2011.11.20"]
[WhiteTeam "Migné Auxences"]
[BlackTeam "Agneaux St Lô"]

1. e4 c5 2. Nf3 e6 3. g3 Nc6 4. Bg2 Nf6 5. d3 d5 6. Qe2 Be7 7. O-O O-O 8. e5
Nd7 9. c4 d4 10. h4 Rb8 11. Bf4 Qc7 12. Re1 Rd8 13. Nh2 a6 14. Ng4 Kh8 15. Nd2
Nf8 16. Bg5 Ng6 17. Nf3 b5 18. h5 Nf8 19. b3 Bd7 20. Qd2 Be8 21. Bf6 Nd7 22.
Qg5 gxf6 23. exf6 Bf8 24. h6 Nxf6 25. Nxf6 Ne7 26. Ne5 Ng6 27. f4 1-0

[Event "Nationale I"]
[Site "Migné Auxances"]
[Date "2012.01.15"]
[Round "7.6"]
[White "Auvray, Simon"]
[Black "Saada, Julien"]
[Result "1/2-1/2"]
[WhiteElo "2030"]
[BlackElo "2326"]
[PlyCount "146"]
[EventDate "2012.01.15"]
[EventType "match"]
[EventCountry "FRA"]
[SourceDate "2011.11.20"]
[WhiteTeam "Agneaux St Lô"]
[BlackTeam "Migné Auxences"]

1. e4 c6 2. d4 d5 3. Nc3 dxe4 4. Nxe4 Bf5 5. Ng3 Bg6 6. h4 h6 7. N1e2 e6 8. Nf4
Bh7 9. Bc4 Nf6 10. Qe2 Bd6 11. Bxe6 O-O 12. O-O Bxf4 13. Bxf4 fxe6 14. Qxe6+
Kh8 15. c3 Qd5 16. Qe7 Qf7 17. Qxf7 Rxf7 18. Rfe1 Nbd7 19. Re2 Re8 20. Rae1
Rxe2 21. Rxe2 Bd3 22. Re3 Bb1 23. a3 Nd5 24. Re8+ Rf8 25. Rxf8+ Nxf8 26. Bd6
Nd7 27. Nf1 N7b6 28. Nd2 Bd3 29. Bc5 Nc8 30. a4 a5 31. g3 Bc2 32. c4 Nc7 33.
Ba3 Nb6 34. b3 Kg8 35. f3 Nd7 36. Kf2 Kf7 37. Ke3 Ke6 38. Bb2 g6 39. Ba3 Ne8
40. Bb2 h5 41. Kf4 Nd6 42. g4 Nf7 43. Ba3 Bd1 44. Bb2 b6 45. Bc3 c5 46. d5+ Ke7
47. Bb2 Nf8 48. Bc3 Nh7 49. Bb2 hxg4 50. fxg4 Nh6 51. Be5 Kd7 52. Bb8 Bxg4 53.
Ne4 Kc8 54. Bd6 Bf5 55. Bxc5 bxc5 56. Nxc5 Nf7 57. h5 Bc2 58. hxg6 Bxg6 59. Ne6
Nf6 60. Nd4 Kc7 61. Nc6 Kb6 62. Ke3 Nd7 63. Kd4 Bc2 64. Kc3 Bd1 65. b4 axb4+
66. Kxb4 Be2 67. Nd4 Bf1 68. c5+ Ka6 69. Ne6 Bg2 70. Nf4 Bf3 71. Kc4 Nxc5 72.
Kxc5 Ka5 73. d6 Nxd6 1/2-1/2

[Event "Nationale I"]
[Site "Migné Auxances"]
[Date "2012.01.15"]
[Round "7.7"]
[White "Picard, Clement"]
[Black "Restout, Bruce"]
[Result "1/2-1/2"]
[WhiteElo "2130"]
[BlackElo "2051"]
[PlyCount "70"]
[EventDate "2012.01.15"]
[EventType "match"]
[EventCountry "FRA"]
[SourceDate "2011.11.20"]
[WhiteTeam "Migné Auxences"]
[BlackTeam "Agneaux St Lô"]

1. e4 c5 2. Nc3 g6 3. g3 Bg7 4. Bg2 Nc6 5. d3 d6 6. Be3 Nf6 7. h3 Nd4 8. Qd2
Rb8 9. Nd1 e5 10. c3 Nc6 11. Bh6 Bxh6 12. Qxh6 Be6 13. Ne2 Ng8 14. Qd2 Nge7 15.
O-O Qd7 16. Kh2 h5 17. Ne3 d5 18. exd5 Nxd5 19. Nxd5 Bxd5 20. Qe3 Bxg2 21. Kxg2
Qd5+ 22. Kh2 O-O 23. f4 exf4 24. Nxf4 Qd6 25. Rae1 Rbe8 26. Qf3 Rxe1 27. Rxe1
Rd8 28. Qe4 b6 29. Re2 Kg7 30. Kg2 Rd7 31. Qe8 Re7 32. Rxe7 Nxe7 33. h4 Nd5 34.
Qe4 Nxf4+ 35. gxf4 Qd7 1/2-1/2

[Event "Nationale I"]
[Site "Migné Auxances"]
[Date "2012.01.15"]
[Round "7.8"]
[White "Auvray, Honorine"]
[Black "Boulan, Laura"]
[Result "1-0"]
[WhiteElo "1804"]
[BlackElo "2039"]
[PlyCount "101"]
[EventDate "2012.01.15"]
[EventType "match"]
[EventCountry "FRA"]
[SourceDate "2011.11.20"]
[WhiteTeam "Agneaux St Lô"]
[BlackTeam "Migné Auxences"]

1. e4 e5 2. Nf3 d6 3. d4 exd4 4. Nxd4 Nf6 5. Nc3 Be7 6. Bf4 O-O 7. Qd2 c6 8.
O-O-O b5 9. f3 b4 10. Nb1 c5 11. Nb5 Be6 12. Bxd6 Ne8 13. Bxe7 Qxe7 14. Qd8 Qb7
15. Nd6 Nxd6 16. Qxd6 c4 17. Nd2 c3 18. Nb3 Bxb3 19. axb3 Nc6 20. Bc4 Qb6 21.
Bd5 Rac8 22. Rd3 Qa6 23. Kb1 cxb2 24. Kxb2 Qa3+ 25. Kb1 Qa6 26. Bxc6 Rxc6 27.
Qxb4 h6 28. Rhd1 Rcc8 29. Rd6 Qe2 30. Qd2 Qb5 31. g4 Ra8 32. Rd5 Qb6 33. Qd4
Qc6 34. g5 Rac8 35. Rd2 hxg5 36. Rxg5 Qh6 37. Rdg2 g6 38. Qd5 Kh7 39. Qd2 Rfd8
40. Rd5 Qxd2 41. Rgxd2 Rxd5 42. Rxd5 Rc7 43. c4 Kg7 44. Kc2 Kf6 45. Kc3 Ke6 46.
c5 f5 47. Kd4 Rc6 48. exf5+ gxf5 49. Rd6+ Rxd6+ 50. cxd6 Kxd6 51. h4 1-0